Dimensionamiento de placas regulares

Salvato in:
Dettagli Bibliografici
Autore principale: Cortes Ortiz, Carlos L
Natura: Tesi Libro
Lingua:Undetermined
Pubblicazione: 1985
Soggetti:
Tags: Aggiungi Tag
Nessun Tag, puoi essere il primo ad aggiungerne!!

MARC

LEADER 00000nam a2200000Ia 4500
001 2763
008 140114s9999 xx 000 0 und d
100 |a Cortes Ortiz, Carlos L 
245 |a Dimensionamiento de placas regulares 
260 |c 1985 
500 |a NULL 
502 |a Escuela de ingenieria Civil 
650 |z DIMENSIONAMIENTO DE PLACAS 
999 |c 11634  |d 11634